[Event "Liga Madrileña - DH 2018-2019"]
[Site "Madrid ESP"]
[Date "2018.12.15"]
[Round "4.4"]
[White "Martin Duque, Jesus"]
[Black "Ruano Marco, Javier"]
[Result "1-0"]
[WhiteElo "2354"]
[BlackElo "2179"]
[PlyCount "67"]
[EventDate "2018.11.18"]
[EventType "team-tourn"]
[EventRounds "14"]
[EventCountry "ESP"]
[SourceTitle "Ajedrez en Madrid"]
[Source "lmi"]
[SourceDate "2018.11.18"]
[SourceVersion "1"]
[SourceVersionDate "2019.04.02"]
[SourceQuality "1"]
[WhiteTeam "Collado Villalba"]
[BlackTeam "64 Villalba"]
[WhiteTeamCountry "ESP"]
[BlackTeamCountry "ESP"]

1. e4 c5 2. Nf3 Nc6 3. d4 cxd4 4. Nxd4 Nf6 5. Nc3 e5 6. Ndb5 d6 7. Bg5 a6 8.
Na3 b5 9. Bxf6 gxf6 10. Nd5 Bg7 11. Bd3 Ne7 12. Nxe7 Qxe7 13. O-O O-O 14. c4 f5
15. Qf3 f4 16. cxb5 Re8 17. Bc4 Kh8 18. bxa6 Bxa6 19. Rfd1 f5 20. Bxa6 Rxa6 21.
Nc4 Rd8 22. Rd5 Rc8 23. b3 Rca8 24. Rad1 fxe4 25. Qxe4 Rxa2 26. Rxd6 Ra1 27. g3
R8a2 28. Rxa1 Rxa1+ 29. Kg2 Ra2 30. Qd5 h5 31. Rd8+ Kh7 32. Qe4+ Kh6 33. Rd6+
Bf6 34. Qf5 1-0

[Event "Liga Madrileña - DH 2018-2019"]
[Site "Madrid ESP"]
[Date "2018.12.15"]
[Round "4.5"]
[White "Veganzonez Rojo, David"]
[Black "Quispe Arteaga, Gabriel"]
[Result "0-1"]
[WhiteElo "2142"]
[BlackElo "2354"]
[PlyCount "90"]
[EventDate "2018.11.18"]
[EventType "team-tourn"]
[EventRounds "14"]
[EventCountry "ESP"]
[SourceTitle "Ajedrez en Madrid"]
[Source "lmi"]
[SourceDate "2018.11.18"]
[SourceVersion "1"]
[SourceVersionDate "2019.04.02"]
[SourceQuality "1"]
[WhiteTeam "64 Villalba"]
[BlackTeam "Collado Villalba"]
[WhiteTeamCountry "ESP"]
[BlackTeamCountry "ESP"]

1. Nf3 Nf6 2. d4 e6 3. c4 b6 4. g3 Ba6 5. b3 Bb4+ 6. Bd2 Be7 7. Bg2 O-O 8. O-O
c6 9. Bc3 d5 10. Nbd2 Nbd7 11. Re1 Rc8 12. e4 dxe4 13. Ne5 b5 14. Nxe4 Nxe4 15.
Bxe4 Nxe5 16. dxe5 bxc4 17. Qc2 h6 18. Red1 Qc7 19. Qe2 Rb8 20. bxc4 Bb4 21.
Rac1 Bc5 22. Bd3 Rfd8 23. Qe4 g6 24. h4 f5 25. Qe1 Qe7 26. Bf1 Rf8 27. Bd4 Bb4
28. Bc3 Ba3 29. Rc2 Rb7 30. Qe3 Kh7 31. Rcd2 Rf7 32. Ba5 f4 33. Qe4 fxg3 34.
Bd3 gxf2+ 35. Kg2 Rf5 36. Qg4 Bc5 37. Be4 h5 38. Qg3 Bxc4 39. Bxf5 gxf5 40. Bd8
Qg7 41. Bg5 Bd5+ 42. Kf1 Rb4 43. Qc3 Rc4 44. Qa5 Qxe5 45. Qd8 Bg2+ 0-1

[Event "Liga Madrileña - DH 2018-2019"]
[Site "Madrid ESP"]
[Date "2018.12.15"]
[Round "4.6"]
[White "Cao Armillas, Jesus"]
[Black "Vaquero Fernandez, David"]
[Result "1-0"]
[WhiteElo "2044"]
[BlackElo "1998"]
[PlyCount "57"]
[EventDate "2018.11.18"]
[EventType "team-tourn"]
[EventRounds "14"]
[EventCountry "ESP"]
[SourceTitle "Ajedrez en Madrid"]
[Source "lmi"]
[SourceDate "2018.11.18"]
[SourceVersion "1"]
[SourceVersionDate "2019.04.02"]
[SourceQuality "1"]
[WhiteTeam "Collado Villalba"]
[BlackTeam "64 Villalba"]
[WhiteTeamCountry "ESP"]
[BlackTeamCountry "ESP"]

1. d4 c5 2. d5 d6 3. e4 e5 4. Be2 g6 5. h4 h5 6. Nd2 Bg7 7. c3 Ne7 8. g4 hxg4
9. Bxg4 Bxg4 10. Qxg4 Qd7 11. Qg2 Na6 12. Ne2 O-O-O 13. Nc4 Bh6 14. a4 Bxc1 15.
Nxc1 f5 16. Nd3 Nc7 17. f3 Kb8 18. b4 b5 19. Nxd6 Qxd6 20. bxc5 Qa6 21. Nb4 Qb7
22. d6 Ne6 23. dxe7 Rdg8 24. Qd2 Nxc5 25. Qd6+ Qc7 26. Qxc5 Qxc5 27. Na6+ Kc8
28. Nxc5 g5 29. exf5 1-0

[Event "Liga Madrileña - DH 2018-2019"]
[Site "Madrid ESP"]
[Date "2018.12.16"]
[Round "4.1"]
[White "Vallejo Diaz, Javier"]
[Black "Espinosa Aranda, Angel"]
[Result "0-1"]
[WhiteElo "2383"]
[BlackElo "2477"]
[PlyCount "144"]
[EventDate "2018.11.18"]
[EventType "team-tourn"]
[EventRounds "14"]
[EventCountry "ESP"]
[SourceTitle "Ajedrez en Madrid"]
[Source "lmi"]
[SourceDate "2018.11.18"]
[SourceVersion "1"]
[SourceVersionDate "2019.04.02"]
[SourceQuality "1"]
[WhiteTeam "Alcorcon"]
[BlackTeam "Virgen de Atocha"]
[WhiteTeamCountry "ESP"]
[BlackTeamCountry "ESP"]

1. c4 g6 2. Nc3 Bg7 3. d4 d6 4. Nf3 Nf6 5. g3 O-O 6. Bg2 Nc6 7. O-O Bf5 8. d5
Na5 9. Nd2 c5 10. e4 Bd7 11. a3 a6 12. Qe2 b5 13. cxb5 axb5 14. Nxb5 Rb8 15.
Nc3 e6 16. b4 Nxd5 17. exd5 Bxc3 18. bxa5 Bb5 19. Nc4 exd5 20. Bxd5 Bxa1 21.
Bd2 Qf6 22. Rd1 Bd4 23. Bf4 Qf5 24. Qf3 Bxc4 25. Bxc4 Rb2 26. Rf1 g5 27. Bd3
Rb3 28. Bxf5 Rxf3 29. Kg2 Rxa3 30. Bxd6 Re8 31. Bc7 Bc3 32. Rc1 Bxa5 33. Rxc5
Bxc7 34. Rxc7 Re2 35. Bg4 Re5 36. Bh5 Rf5 37. Bg4 Rf6 38. Rc5 h6 39. Bf5 Kg7
40. g4 Ra2 41. Kg3 Rb6 42. Rc3 Rb4 43. h3 Rf4 44. Bc2 Rd4 45. Bf5 Rdd2 46. Rf3
Ra1 47. h4 Rg1+ 48. Kh2 Rdd1 49. hxg5 hxg5 50. Re3 Rh1+ 51. Kg2 Rdg1+ 52. Kf3
Rh3+ 53. Ke2 Rxe3+ 54. Kxe3 Kf6 55. f3 Rg2 56. Kd4 Ra2 57. Be4 Ra4+ 58. Kd5
Ra5+ 59. Kd4 Ke6 60. Bc2 Ra3 61. Ke4 Rc3 62. Bd3 Kf6 63. Kd4 Ra3 64. Be4 Ke6
65. Bc6 Kd6 66. Be4 Ra4+ 67. Ke3 Ke5 68. Bc6 Ra3+ 69. Ke2 Kf4 70. Bd5 f6 71.
Kf2 Rd3 72. Be4 Rd2+ 0-1

[Event "Liga Madrileña - DH 2018-2019"]
[Site "Madrid ESP"]
[Date "2018.12.16"]
[Round "4.3"]
[White "Vallejo Diaz, Jesus"]
[Black "Rubio Mejia, Luis Ignacio"]
[Result "0-1"]
[WhiteElo "2234"]
[BlackElo "2438"]
[PlyCount "102"]
[EventDate "2018.11.18"]
[EventType "team-tourn"]
[EventRounds "14"]
[EventCountry "ESP"]
[SourceTitle "Ajedrez en Madrid"]
[Source "lmi"]
[SourceDate "2018.11.18"]
[SourceVersion "1"]
[SourceVersionDate "2019.04.02"]
[SourceQuality "1"]
[WhiteTeam "Alcorcon"]
[BlackTeam "Virgen de Atocha"]
[WhiteTeamCountry "ESP"]
[BlackTeamCountry "ESP"]

1. e4 c5 2. Nf3 d6 3. Bb5+ Bd7 4. Bxd7+ Qxd7 5. O-O Nf6 6. Re1 Nc6 7. c3 e6 8.
d4 cxd4 9. cxd4 d5 10. e5 Ng8 11. a3 Nge7 12. Qd3 h5 13. b4 Nf5 14. Nbd2 Rc8
15. Bb2 Be7 16. Rec1 O-O 17. Nb3 a6 18. g3 Na7 19. Nc5 Bxc5 20. bxc5 Nc6 21.
Bc3 f6 22. Re1 Qf7 23. Ra2 Rce8 24. Rb2 Nh6 25. exf6 gxf6 26. Bd2 Nf5 27. Bf4
Qh7 28. Rd1 Rf7 29. Re2 Rg7 30. Qd2 h4 31. Rde1 Qh5 32. Qd3 Kf7 33. Rxe6 Rxe6
34. Rxe6 hxg3 35. fxg3 Qg4 36. Re1 Qxf4 37. Qe2 Qe4 38. Ne5+ Kg8 39. Nxc6 Qxe2
40. Rxe2 bxc6 41. Re8+ Kf7 42. Ra8 Nxd4 43. Rxa6 Ke6 44. a4 Rc7 45. a5 Nb5 46.
Ra8 d4 47. Kf2 Kd5 48. Rf8 Nc3 49. Ke1 Ra7 50. Rxf6 Rxa5 51. Rf4 Ra2 0-1

[Event "Liga Madrileña - DH 2018-2019"]
[Site "Madrid ESP"]
[Date "2018.12.16"]
[Round "4.4"]
[White "Plazuelo Pascual, Juan"]
[Black "Medina Riesgo, Pedro"]
[Result "1-0"]
[WhiteElo "2416"]
[BlackElo "2149"]
[PlyCount "85"]
[EventDate "2018.11.18"]
[EventType "team-tourn"]
[EventRounds "14"]
[EventCountry "ESP"]
[SourceTitle "Ajedrez en Madrid"]
[Source "lmi"]
[SourceDate "2018.11.18"]
[SourceVersion "1"]
[SourceVersionDate "2019.04.02"]
[SourceQuality "1"]
[WhiteTeam "Virgen de Atocha"]
[BlackTeam "Alcorcon"]
[WhiteTeamCountry "ESP"]
[BlackTeamCountry "ESP"]

1. e4 c5 2. Nc3 Nc6 3. Bb5 g6 4. Bxc6 dxc6 5. d3 Bg7 6. Be3 b6 7. Qd2 e5 8.
Nge2 Be6 9. f4 Qc7 10. O-O Ne7 11. fxe5 Bxe5 12. Bf4 O-O-O 13. Bxe5 Qxe5 14.
Qf4 Qxf4 15. Nxf4 Bd7 16. Rae1 f5 17. e5 g5 18. Nh5 Be6 19. Ng7 Kd7 20. g4 Rdf8
21. Rf2 Rf7 22. Nh5 Kc7 23. gxf5 Nxf5 24. Ref1 Rhf8 25. Nf6 Ne3 26. Nxh7 Rxf2
27. Rxf2 Rxf2 28. Kxf2 Nxc2 29. Nxg5 Bf5 30. h4 Nb4 31. h5 Bg4 32. h6 Bf5 33.
Ke3 Nxd3 34. Nce4 Nxb2 35. e6 Kd8 36. Nd6 Bg6 37. Ndf7+ Ke7 38. Ne5 Kf6 39. e7
Be8 40. h7 Kg7 41. Nef7 Nc4+ 42. Kf2 Bxf7 43. h8=Q+ 1-0

[Event "Liga Madrileña - DH 2018-2019"]
[Site "Madrid ESP"]
[Date "2018.12.16"]
[Round "4.5"]
[White "Prada Lopez, Miguel Angel"]
[Black "Cabrera Trujillo, Jorge Juan"]
[Result "1/2-1/2"]
[WhiteElo "2091"]
[BlackElo "2327"]
[PlyCount "81"]
[EventDate "2018.11.18"]
[EventType "team-tourn"]
[EventRounds "14"]
[EventCountry "ESP"]
[SourceTitle "Ajedrez en Madrid"]
[Source "lmi"]
[SourceDate "2018.11.18"]
[SourceVersion "1"]
[SourceVersionDate "2019.04.02"]
[SourceQuality "1"]
[WhiteTeam "Alcorcon"]
[BlackTeam "Virgen de Atocha"]
[WhiteTeamCountry "ESP"]
[BlackTeamCountry "ESP"]

1. Nf3 Nf6 2. c4 g6 3. Nc3 Bg7 4. g3 O-O 5. Bg2 d6 6. O-O e5 7. d3 Re8 8. Rb1
a5 9. a3 Nc6 10. b4 axb4 11. axb4 h6 12. Ne1 Bg4 13. b5 Na5 14. f3 Be6 15. e4
c6 16. bxc6 bxc6 17. Be3 d5 18. Bb6 Qd7 19. cxd5 cxd5 20. Na4 dxe4 21. Nc5 Qd6
22. Nxe6 Rxe6 23. Bh3 Ree8 24. dxe4 Qxd1 25. Rxd1 Nc4 26. Bf2 Ra2 27. Bc5 Bf8
28. Bxf8 Kxf8 29. Rf2 Rxf2 30. Kxf2 Ra8 31. Rc1 Ra4 32. Bf1 Ra2+ 33. Rc2 Rxc2+
34. Nxc2 Nd6 35. Nb4 g5 36. Nc6 Nd7 37. Bh3 Nc5 38. Nxe5 f6 39. Nd7+ Nxd7 40.
Bxd7 Ke7 41. Bh3 1/2-1/2

[Event "Liga Madrileña - DH 2018-2019"]
[Site "Madrid ESP"]
[Date "2018.12.15"]
[Round "4.1"]
[White "Bolado Saez, Sergio"]
[Black "Reyes Larena, Juan"]
[Result "0-1"]
[WhiteElo "2365"]
[BlackElo "2446"]
[PlyCount "106"]
[EventDate "2018.11.18"]
[EventType "team-tourn"]
[EventRounds "14"]
[EventCountry "ESP"]
[SourceTitle "Ajedrez en Madrid"]
[Source "lmi"]
[SourceDate "2018.11.18"]
[SourceVersion "1"]
[SourceVersionDate "2019.04.02"]
[SourceQuality "1"]
[WhiteTeam "Blanco y Negro"]
[BlackTeam "San Sebastian de los Reyes"]
[WhiteTeamCountry "ESP"]
[BlackTeamCountry "ESP"]

1. d4 Nf6 2. c4 g6 3. Nc3 d6 4. e4 Bg7 5. Nge2 e5 6. d5 c6 7. Ng3 h5 8. Be2
cxd5 9. cxd5 Nbd7 10. h4 a6 11. Bg5 Bh6 12. Bxh6 Rxh6 13. Qd2 Rh8 14. O-O-O b5
15. Rdf1 Qa5 16. Kb1 b4 17. Nd1 Nc5 18. f3 Bd7 19. Ne3 Bb5 20. Rc1 Nfd7 21.
Rhf1 Qd8 22. Rh1 Qb6 23. Bc4 Rb8 24. Rhf1 Kf8 25. b3 a5 26. Bxb5 Qxb5 27. Nc4
a4 28. bxa4 Nxa4 29. Nxd6 Nc3+ 30. Qxc3 Qxf1 31. Qc2 Qa6 32. Qc6 Qd3+ 33. Qc2
Qxc2+ 34. Rxc2 b3 35. Rc7 bxa2+ 36. Kxa2 Ke7 37. Nc4 Rhc8 38. Rxc8 Rxc8 39. Kb3
f6 40. Nf1 Ra8 41. Kb2 Nb6 42. Ncd2 Rb8 43. Kc2 Rc8+ 44. Kd1 Nc4 45. Nxc4 Rxc4
46. Ne3 Ra4 47. Ke2 Kd6 48. Kf2 Ra2+ 49. Kg3 Kc5 50. Nf1 f5 51. Kh3 fxe4 52.
fxe4 Rf2 53. Ng3 Rf4 0-1

[Event "Liga Madrileña - DH 2018-2019"]
[Site "Madrid ESP"]
[Date "2018.12.15"]
[Round "4.2"]
[White "Ovejero, Juan Manuel"]
[Black "Ballester Llagaria, Luis Eduardo"]
[Result "1/2-1/2"]
[WhiteElo "2242"]
[BlackElo "2290"]
[PlyCount "120"]
[EventDate "2018.11.18"]
[EventType "team-tourn"]
[EventRounds "14"]
[EventCountry "ESP"]
[SourceTitle "Ajedrez en Madrid"]
[Source "lmi"]
[SourceDate "2018.11.18"]
[SourceVersion "1"]
[SourceVersionDate "2019.04.02"]
[SourceQuality "1"]
[WhiteTeam "San Sebastian de los Reyes"]
[BlackTeam "Blanco y Negro"]
[WhiteTeamCountry "ESP"]
[BlackTeamCountry "ESP"]

1. e4 e6 2. d4 d5 3. Bd3 c5 4. exd5 exd5 5. Nf3 c4 6. Be2 Nf6 7. O-O Be7 8. b3
cxb3 9. axb3 O-O 10. Ne5 Ne4 11. Bb2 Be6 12. Nd2 Nd6 13. Re1 Nd7 14. Bd3 Nf6
15. Qf3 a6 16. Re2 Re8 17. Rae1 Bf8 18. h3 g6 19. c4 Bg7 20. g4 b5 21. c5 Nde4
22. Nf1 h5 23. Qg2 hxg4 24. hxg4 Nd7 25. Nxd7 Qxd7 26. f3 Nf6 27. Ng3 a5 28. g5
Nh7 29. f4 Bg4 30. Rxe8+ Rxe8 31. Rxe8+ Qxe8 32. Nf1 Be6 33. Ne3 a4 34. bxa4
bxa4 35. Ba1 Qb8 36. Qf3 Qb4 37. Nc2 Qb3 38. Qe3 Nf8 39. Kg2 a3 40. Qd2 Nd7 41.
Qc3 Qxc3 42. Bxc3 Nxc5 43. dxc5 Bxc3 44. Nxa3 Bb4 45. Nb5 Bxc5 46. Nc7 Kg7 47.
Nxe6+ fxe6 48. Kf3 Kf7 49. Bc2 Ba3 50. Bd3 Bc1 51. Kg4 Bd2 52. Bc2 Bc3 53. Bd3
Kg7 54. Bc2 Kf7 55. Bd3 e5 56. fxe5 Bxe5 57. Bc2 Bf6 58. Bb3 Bxg5 59. Kxg5 Ke8
60. Bxd5 Kd8 1/2-1/2

[Event "Liga Madrileña - DH 2018-2019"]
[Site "Madrid ESP"]
[Date "2018.12.16"]
[Round "4.3"]
[White "Alarcia Astiz, Carlos"]
[Black "Reyes Peñas, Sebastian"]
[Result "1-0"]
[WhiteElo "2275"]
[BlackElo "2180"]
[PlyCount "47"]
[EventDate "2018.11.18"]
[EventType "team-tourn"]
[EventRounds "14"]
[EventCountry "ESP"]
[SourceTitle "Ajedrez en Madrid"]
[Source "lmi"]
[SourceDate "2018.11.18"]
[SourceVersion "1"]
[SourceVersionDate "2019.04.02"]
[SourceQuality "1"]
[WhiteTeam "Blanco y Negro"]
[BlackTeam "San Sebastian de los Reyes"]
[WhiteTeamCountry "ESP"]
[BlackTeamCountry "ESP"]

1. e4 c5 2. Nf3 e6 3. d4 cxd4 4. Nxd4 a6 5. f4 Qc7 6. Nf3 d6 7. Bd3 Nf6 8. O-O
Nc6 9. Nc3 Be7 10. Kh1 O-O 11. Qe1 Nd7 12. Qg3 Re8 13. e5 dxe5 14. fxe5 Nf8 15.
Bf4 Ng6 16. Bxg6 hxg6 17. Ne4 Nb8 18. Nfg5 Bxg5 19. Nxg5 Nd7 20. Qh4 Nf8 21.
Rf3 Nd7 22. Qh7+ Kf8 23. Bd2 Ke7 24. Bb4+ 1-0

[Event "Liga Madrileña - DH 2018-2019"]
[Site "Madrid ESP"]
[Date "2018.12.16"]
[Round "4.4"]
[White "Alfaya Marcelo, Roberto"]
[Black "Renteria Becerra, Jorge Elicer"]
[Result "0-1"]
[WhiteElo "2166"]
[BlackElo "2224"]
[PlyCount "114"]
[EventDate "2018.11.18"]
[EventType "team-tourn"]
[EventRounds "14"]
[EventCountry "ESP"]
[SourceTitle "Ajedrez en Madrid"]
[Source "lmi"]
[SourceDate "2018.11.18"]
[SourceVersion "1"]
[SourceVersionDate "2019.04.02"]
[SourceQuality "1"]
[WhiteTeam "San Sebastian de los Reyes"]
[BlackTeam "Blanco y Negro"]
[WhiteTeamCountry "ESP"]
[BlackTeamCountry "ESP"]

1. e4 e5 2. Nf3 Nc6 3. Bb5 Nd4 4. Nxd4 exd4 5. O-O Bc5 6. d3 Qh4 7. Qf3 Ne7 8.
Qg3 Qxg3 9. hxg3 c6 10. Bc4 d5 11. exd5 cxd5 12. Bb3 Be6 13. Nd2 Kd7 14. Nf3 f6
15. Bd2 a6 16. Rfe1 Bf7 17. Re2 g5 18. Rae1 Nc6 19. c4 dxc4 20. Bxc4 Bxc4 21.
dxc4 g4 22. Nh4 Rhe8 23. Kf1 Rxe2 24. Rxe2 b5 25. cxb5 axb5 26. a3 Kd6 27. b4
Bb6 28. Bc1 Kd5 29. Nf5 Ne5 30. Rd2 Nc4 31. Rd1 Ke4 32. Nh6 Ne5 33. Nxg4 Nxg4
34. f3+ Kf5 35. fxg4+ Kxg4 36. Rd3 Kf5 37. Rf3+ Ke5 38. Ke2 Rc8 39. Bd2 Rc2 40.
g4 Ra2 41. Rf5+ Ke4 42. Rf4+ Kd5 43. Rxf6 Bc7 44. Rf3 Kc4 45. g5 Be5 46. g3 Kd5
47. Rf7 Bxg3 48. Kf3 Rxa3+ 49. Kg4 Be5 50. Bf4 Bxf4 51. Kxf4 Rh3 52. Rc7 d3 53.
Kg4 Rh1 54. Kf3 Kd4 55. Kf2 d2 56. Rd7+ Kc3 57. Ke2 Re1+ 0-1

[Event "Liga Madrileña - DH 2018-2019"]
[Site "Madrid ESP"]
[Date "2018.12.15"]
[Round "4.5"]
[White "Hidalgo Duque, Carlos"]
[Black "Gonzalez Tedin, Antonio"]
[Result "0-1"]
[WhiteElo "2235"]
[BlackElo "2123"]
[PlyCount "148"]
[EventDate "2018.11.18"]
[EventType "team-tourn"]
[EventRounds "14"]
[EventCountry "ESP"]
[SourceTitle "Ajedrez en Madrid"]
[Source "lmi"]
[SourceDate "2018.11.18"]
[SourceVersion "1"]
[SourceVersionDate "2019.04.02"]
[SourceQuality "1"]
[WhiteTeam "Blanco y Negro"]
[BlackTeam "San Sebastian de los Reyes"]
[WhiteTeamCountry "ESP"]
[BlackTeamCountry "ESP"]

1. Nf3 Nf6 2. c4 c5 3. Nc3 g6 4. e4 Nc6 5. d4 cxd4 6. Nxd4 Bg7 7. Be3 O-O 8.
Be2 d6 9. Qd2 Bd7 10. O-O Nxd4 11. Bxd4 Bc6 12. f3 a5 13. b3 Nd7 14. Be3 Nc5
15. Rab1 Qb6 16. Rfc1 Rfc8 17. Rc2 Qd8 18. a3 h5 19. Bf1 Kh7 20. b4 axb4 21.
axb4 Ne6 22. Nd5 Ra3 23. Kh1 Rca8 24. c5 dxc5 25. bxc5 R8a5 26. Bc4 Qd7 27. Qf2
Bb5 28. Nb6 Qe8 29. Bd2 Ra1 30. Rcc1 Bd4 31. Qe1 Rxb1 32. Rxb1 Bxc4 33. Bxa5
Ba6 34. Bc3 Bxc5 35. Nd5 Bd6 36. Qd2 Qb8 37. g3 Bc4 38. Nb6 Ba6 39. f4 Bc5 40.
f5 Bxb6 41. fxe6 Qc8 42. Rxb6 Qc4 43. Rb1 Qxe4+ 44. Kg1 Qxb1+ 45. Kf2 Qf5+ 46.
Qf4 fxe6 47. Bb4 e5 48. Qxf5 gxf5 49. Bxe7 Kg6 50. Ke3 Kf7 51. Ba3 Ke6 52. Bb2
Kd5 53. h3 Bf1 54. h4 Bh3 55. Kd3 Bf1+ 56. Ke3 Bh3 57. Kd3 f4 58. gxf4 exf4 59.
Bc1 Bf5+ 60. Ke2 Ke4 61. Ba3 Bg4+ 62. Kd2 Kd4 63. Bd6 f3 64. Bg3 b5 65. Bf2+
Kc4 66. Kc2 Bf5+ 67. Kd2 b4 68. Bg3 Kb3 69. Bd6 Bg4 70. Bc5 Kc4 71. Bf2 b3 72.
Bg3 b2 73. Kc2 Bf5+ 74. Kxb2 Kd3 0-1

[Event "Liga Madrileña - DH 2018-2019"]
[Site "Madrid ESP"]
[Date "2018.12.15"]
[Round "4.6"]
[White "Hernandez Ramos, David"]
[Black "Herranz Sanchez, Pablo"]
[Result "0-1"]
[WhiteElo "2078"]
[BlackElo "2014"]
[PlyCount "112"]
[EventDate "2018.11.18"]
[EventType "team-tourn"]
[EventRounds "14"]
[EventCountry "ESP"]
[SourceTitle "Ajedrez en Madrid"]
[Source "lmi"]
[SourceDate "2018.11.18"]
[SourceVersion "1"]
[SourceVersionDate "2019.04.02"]
[SourceQuality "1"]
[WhiteTeam "San Sebastian de los Reyes"]
[BlackTeam "Blanco y Negro"]
[WhiteTeamCountry "ESP"]
[BlackTeamCountry "ESP"]

1. d4 Nf6 2. c4 c5 3. d5 b5 4. Qc2 bxc4 5. e4 d6 6. Bxc4 g6 7. Nc3 Bg7 8. Nf3
O-O 9. Bf4 Ba6 10. Nd2 Nfd7 11. Rb1 Qa5 12. a3 Ne5 13. Bxe5 Bxe5 14. Qd3 Bg7
15. O-O Bxc4 16. Nxc4 Qc7 17. Kh1 Nd7 18. f4 Rab8 19. Rf2 Rb3 20. Nd2 Rb7 21.
b3 Rfb8 22. Qc2 c4 23. bxc4 Qa5 24. Rxb7 Rxb7 25. Nd1 Qxa3 26. Rf3 Qa5 27. h3
Rb4 28. Rb3 Nb6 29. Rxb4 Qxb4 30. Nf2 Qc5 31. Nd1 Qd4 32. Kh2 a5 33. c5 dxc5
34. Nb3 Qa4 35. Qb1 c4 36. Nd2 Qb4 37. Qc2 a4 38. e5 Nxd5 39. Nxc4 Nxf4 40. g3
Ne6 41. Qd3 Qc5 42. Qc2 Bxe5 43. Qxa4 Nd4 44. Nde3 Ne2 45. Nxe5 Qxe5 46. Nf1
Nd4 47. Qa8+ Kg7 48. Kg1 Qe2 49. Qa1 e5 50. Nh2 Qe3+ 51. Kg2 Qe4+ 52. Kg1 Qd3
53. Qe1 f6 54. Qf2 Nf5 55. Kg2 Ne3+ 56. Kg1 Qd1+ 0-1

[Event "Liga Madrileña - DH 2018-2019"]
[Site "Madrid ESP"]
[Date "2018.12.16"]
[Round "4.1"]
[White "Garcia Cuenca, Victor Manuel"]
[Black "Fernandez Blazquez, Diego"]
[Result "1-0"]
[WhiteElo "2329"]
[BlackElo "2256"]
[PlyCount "63"]
[EventDate "2018.11.18"]
[EventType "team-tourn"]
[EventRounds "14"]
[EventCountry "ESP"]
[SourceTitle "Ajedrez en Madrid"]
[Source "lmi"]
[SourceDate "2018.11.18"]
[SourceVersion "1"]
[SourceVersionDate "2019.04.02"]
[SourceQuality "1"]
[WhiteTeam "Liberty Chess"]
[BlackTeam "San Fernando de Henares"]
[WhiteTeamCountry "ESP"]
[BlackTeamCountry "ESP"]

1. d4 Nf6 2. c4 e6 3. Nc3 Bb4 4. e3 O-O 5. Bd3 d5 6. Nf3 c5 7. O-O dxc4 8. Bxc4
cxd4 9. exd4 b6 10. Qe2 Bb7 11. Bg5 Be7 12. Rfe1 Nc6 13. Rad1 Nd5 14. Bxd5 Bxg5
15. Be4 Bh6 16. Ne5 Qc8 17. Qf3 Nxe5 18. dxe5 Bxe4 19. Nxe4 Qc7 20. Nd6 Rad8
21. Rd4 f6 22. Qb3 Qe7 23. Nf5 Qf7 24. Rxd8 Rxd8 25. Nxh6+ gxh6 26. exf6 Qxf6
27. Rxe6 Qf7 28. h3 Rc8 29. Qg3+ Kh8 30. Qe5+ Kg8 31. Re7 Qg6 32. Rxa7 1-0

[Event "Liga Madrileña - DH 2018-2019"]
[Site "Madrid ESP"]
[Date "2018.12.16"]
[Round "4.2"]
[White "Jimenez Lopez, Antonio"]
[Black "Fernandez Garcia, Miguel Angel"]
[Result "1/2-1/2"]
[WhiteElo "2172"]
[BlackElo "2310"]
[PlyCount "85"]
[EventDate "2018.11.18"]
[EventType "team-tourn"]
[EventRounds "14"]
[EventCountry "ESP"]
[SourceTitle "Ajedrez en Madrid"]
[Source "lmi"]
[SourceDate "2018.11.18"]
[SourceVersion "1"]
[SourceVersionDate "2019.04.02"]
[SourceQuality "1"]
[WhiteTeam "San Fernando de Henares"]
[BlackTeam "Liberty Chess"]
[WhiteTeamCountry "ESP"]
[BlackTeamCountry "ESP"]

1. e4 Nf6 2. e5 Nd5 3. d4 Nb6 4. c4 d6 5. exd6 exd6 6. Nc3 Be7 7. Bd3 Nc6 8.
Nge2 O-O 9. O-O Bg4 10. Be3 Bh5 11. b3 Bf6 12. Qd2 Bg6 13. f4 Bxd3 14. Qxd3 Re8
15. Rf3 Nb4 16. Qd2 d5 17. c5 Nc8 18. g4 b6 19. Rd1 bxc5 20. dxc5 c6 21. a3 Na6
22. b4 Nc7 23. g5 Bxc3 24. Qxc3 Qd7 25. Ng3 a5 26. f5 axb4 27. Qxb4 Ne7 28. Bd4
Reb8 29. Qe1 Nb5 30. Bxg7 Rxa3 31. Rxa3 Nxa3 32. Qe5 Re8 33. Nh5 Qxf5 34. Nf6+
Kxg7 35. Nxe8+ Kf8 36. Qh8+ Ng8 37. Qg7+ Kxe8 38. Qxg8+ Kd7 39. Rf1 Qg4+ 40.
Kh1 Qe4+ 41. Kg1 Qg4+ 42. Kh1 Qe4+ 43. Kg1 1/2-1/2

[Event "Liga Madrileña - DH 2018-2019"]
[Site "Madrid ESP"]
[Date "2018.12.16"]
[Round "4.3"]
[White "Sanchez Gonzalez, Sergio"]
[Black "Garrido Olivares, Ricard"]
[Result "1/2-1/2"]
[WhiteElo "2296"]
[BlackElo "2147"]
[PlyCount "84"]
[EventDate "2018.11.18"]
[EventType "team-tourn"]
[EventRounds "14"]
[EventCountry "ESP"]
[SourceTitle "Ajedrez en Madrid"]
[Source "lmi"]
[SourceDate "2018.11.18"]
[SourceVersion "1"]
[SourceVersionDate "2019.04.02"]
[SourceQuality "1"]
[WhiteTeam "Liberty Chess"]
[BlackTeam "San Fernando de Henares"]
[WhiteTeamCountry "ESP"]
[BlackTeamCountry "ESP"]

1. Nf3 d5 2. g3 Nf6 3. Bg2 e6 4. O-O c5 5. d4 cxd4 6. Nxd4 e5 7. Nb3 Be6 8. Bg5
Nbd7 9. Nc3 Be7 10. e3 O-O 11. f4 exf4 12. gxf4 g6 13. Qd4 Qb6 14. Rad1 Rfe8
15. a4 Rac8 16. a5 Qxd4 17. Rxd4 Nc5 18. Nxd5 Nxd5 19. Bxd5 Nxb3 20. cxb3 Bc5
21. Bxe6 Bxd4 22. Bxc8 Bxe3+ 23. Kg2 Rxc8 24. Bf6 Bd2 25. Rd1 Bxa5 26. Rd7 Bb6
27. Rxb7 Kf8 28. Kf3 Ke8 29. Re7+ Kf8 30. Re4 Rc6 31. Bc3 Re6 32. Rc4 Ke7 33.
Bd4 Bxd4 34. Rxd4 Rb6 35. b4 Ke6 36. Ke4 f6 37. Rc4 Kd6 38. Rd4+ Ke6 39. Rc4 g5
40. fxg5 fxg5 41. Kf3 h5 42. Rc5 Rxb4 1/2-1/2

[Event "Liga Madrileña - DH 2018-2019"]
[Site "Madrid ESP"]
[Date "2018.12.16"]
[Round "4.4"]
[White "Bustos Bernardo, Samuel"]
[Black "Moreno Ibañez, Miguel"]
[Result "0-1"]
[WhiteElo "2151"]
[BlackElo "2275"]
[PlyCount "108"]
[EventDate "2018.11.18"]
[EventType "team-tourn"]
[EventRounds "14"]
[EventCountry "ESP"]
[SourceTitle "Ajedrez en Madrid"]
[Source "lmi"]
[SourceDate "2018.11.18"]
[SourceVersion "1"]
[SourceVersionDate "2019.04.02"]
[SourceQuality "1"]
[WhiteTeam "San Fernando de Henares"]
[BlackTeam "Liberty Chess"]
[WhiteTeamCountry "ESP"]
[BlackTeamCountry "ESP"]

1. Nf3 Nf6 2. g3 b6 3. Bg2 Bb7 4. O-O c5 5. c4 g6 6. b3 Bg7 7. Bb2 O-O 8. d4
cxd4 9. Qxd4 d6 10. Nc3 Nbd7 11. Qe3 Rc8 12. Rfd1 Rc5 13. h3 Re8 14. Ba3 Rc8
15. Rab1 Qc7 16. Ne1 Nc5 17. g4 h6 18. Bb2 Bxg2 19. Nxg2 a6 20. Nf4 e6 21. Qf3
Rcd8 22. Kg2 Ncd7 23. Nd3 Nh7 24. Ne4 f5 25. Ng3 Ng5 26. Qe3 Nf6 27. Bxf6 Bxf6
28. h4 Nf7 29. Nf4 Ne5 30. gxf5 gxf5 31. Nfh5 Bg7 32. Rg1 Kh7 33. Kh3 Bh8 34.
f3 Qc5 35. Qf4 Ng6 36. Qd2 Bd4 37. b4 Qe5 38. f4 Qh8 39. e3 Bc3 40. Qd3 Rf8 41.
Ne2 Bf6 42. Nd4 Bxd4 43. exd4 Qg8 44. Rg2 Qf7 45. Rbg1 Rg8 46. Qe3 Rc8 47. c5
bxc5 48. dxc5 dxc5 49. bxc5 Qe7 50. Qf2 Rxc5 51. Nf6+ Qxf6 52. Rxg6 Rc3+ 53.
R6g3 Rg4 54. Qa7+ Kg6 0-1